00909cam a2200229 a 450000100100000000500170001000800410002702000150006804000250008308200210010810000350012924500410016426000560020530000280026149000270028965000260031665000380034283000360038095201240041695201240054099900150066400000599920200929151858.0900904s1986 mnua 000 p spa  a091023504X aDO-SdBNPbspacBNPHU aCu861.44bC357ci1 aCatalá, Rafael,d1942-9922110aCiencia poesía /cRafael Catalá. aMinneapolis, Minnesota, USA :bPrisma Books,c1986. a126 p. :bil. ;c21 cm.0 aPoesía guámparav1 4aPoesía cubana95226 4aLiteratura cubanaySIGLO XX99186 0aPoesía guámpara ;n1916901 001052708MOaGRbGRcHDd2009-08-25iLF1l0oCu861.44 C357cip5999-10r2020-06-25w2020-06-25y2ZPréstamo interno 001150718MOaGRbGRcMId2017-06-09iLF1l0oCu861.44 C357cip5999-20r2020-06-25te. 2w2020-06-25y1ZNo se presta c5795d5795